| 000 | 00391nam a2200169Ia 4500 | ||
|---|---|---|---|
| 003 | 0100 | ||
| 008 | 130307s9999 xx 000 0 und d | ||
| 040 | _cARRUPELIB | ||
| 050 | _aLC493.D6 1934 | ||
| 100 | _aDonnelly, Francis Patrick | ||
| 245 | _aPrinciples of Jesuit education in practice | ||
| 260 | _aNY | ||
| 260 | _bKenedy Sons | ||
| 260 | _c1934 | ||
| 300 | _a201p | ||
| 942 | 0 | 0 | _01 |
| 999 |
_c86105 _d86105 |
||